|
|
|
|
| LEADER |
00868nam a22002652a 4500 |
| 001 |
001293789 |
| 003 |
CZ BrMZK |
| 005 |
20130522145116.0 |
| 007 |
ta |
| 008 |
130516s1971 xr er|||||||||||cze d |
| 015 |
|
|
|a cnb000433071
|
| 035 |
|
|
|a (OCoLC)42176043
|
| 040 |
|
|
|a ABA001
|b cze
|c PNA001
|d BOA001
|
| 080 |
9 |
|
|a 329(437).15(091)"1921/1971"
|
| 080 |
9 |
|
|a 331.88/.89(437)(091)]:912(437)
|
| 100 |
1 |
|
|a Peša, Václav,
|d 1923-
|7 jk01092626
|4 aut
|
| 245 |
1 |
0 |
|a KSČ 50 let v čele lidu /
|c Václav Peša ; odpovědný redaktor Petr Cafourek
|
| 250 |
|
|
|a 1. vyd.
|
| 260 |
|
|
|a Praha :
|b Kartografie,
|c 1971
|
| 300 |
|
|
|a 46 s. ;
|c 8° +
|e 6 příl.
|
| 700 |
1 |
|
|a Cafourek, Petr
|7 jk01020515
|4 edt
|
| 910 |
|
|
|a BOA001
|b 2-0668.746
|
| 990 |
|
|
|a BK
|
| 991 |
|
|
|b 201305
|
| 996 |
7 |
|
|b 2619002012
|c 2-0668.746
|l Sklad H1
|r Sklad / do 24 hodin
|n 0
|h HS212
|w 001328389
|u 000010
|a 1
|e BOA001
|j MZK50
|s A
|